000
00266nam a2200109Ia 4500
008
190216s9999||||xx |||||||||||||| ||und||
100
_a
Thothari Raman & Parag Diwan
245
0
_a
Erp Genie
260
_b
Vikas Publishing House
_c
2001
300
_a
109p
942
_c
BK
999
_c
6284
_d
6284